Briusov i Armenija v dvuch knigach Kniga 2

Bibliographic Details
Main Author: Ajvazjan, Kazar Vartanovič (Author)
Format: Book
Language:Russian
Published: Jerevan Sovetakan groch 1989

MARC

LEADER 00000cam a2200000 a 4500
001 vtls001260730
003 SK-MaSNL
005 20260301154905.0
008 240314s1989 ai 00000 rus
035 |a SNK000211581 
040 |a SNK  |b slo  |c SNK  |e AACR2 
041 0 |a rus 
044 |a ai  |c AM 
100 1 |a Ajvazjan, Kazar Vartanovič  |4 aut  |9 454474 
245 1 0 |a Briusov i Armenija  |b v dvuch knigach  |c K. V. ... Ajvazian  |n Kniga 2 
260 |a Jerevan  |b Sovetakan groch  |c 1989 
958 |a RK 
958 |a OND 
999 |c 798413  |d 800343 
952 |t P60, <04>, [BOOK], {604}  |a SNK  |b SNK  |y VYP  |7 0  |o snkIC 113465/2  |i snk3459/89  |0 0  |1 0  |4 0  |d 1996-05-30  |l 0  |r 2005-01-01 00:00:00  |w 2026-02-24